Business information systems

Bibliographic Details
Main Author: Clifton
Other Authors: Sutcliffe,
Format: Book
Published: New York: Prentice Hall, 1994.
Edition:5th. ed.
Subjects:
LEADER 00525cam a2200181 7i4500
001 0000003987
005 19991025090000.0
002 ##000005426
020 0 0 |a 0-13-107970-0  
090 0 0 |a B 658.05 CLI  
100 0 0 |a Clifton  
245 0 0 |a Business information systems   |c H.D Clifton and A.G. Sutcliffe.. 
250 0 0 |a 5th. ed. 
260 0 0 |a New York:   |b Prentice Hall,   |c 1994. 
300 0 0 |a 516 p.. 
650 0 0 |a Business --   |x Data processing  
700 0 1 |a Sutcliffe,   |h A.G.  
999 |a 0000006180  |b Book  |c Open shelf  |e Business Information Centre